[Event "29th ECC Women 2025"]
[Site "Rhodes GRE"]
[Date "2025.10.21"]
[Round "3.24"]
[White "Do, Huong"]
[Black "Petrovska, Katerina"]
[Result "1/2-1/2"]
[WhiteElo "1838"]
[BlackElo "1880"]
[WhiteTeam "De Stukkenjagers"]
[BlackTeam "MSK Centar ASEE"]
[WhiteFideId "1060864"]
[BlackFideId "15002551"]
[EventDate "2025.10.19"]
[EventType "team"]

1. d4 d5 2. c4 dxc4 3. Nc3 Nf6 4. Qa4+ c6 5. Qxc4 Nbd7 6. Nf3 Nb6 7. Qb3 Be6 8.
Qc2 Bg4 9. e3 e6 10. a3 Bf5 11. Bd3 Bxd3 12. Qxd3 Be7 13. O-O O-O 14. Qe2 Nfd5
15. Bd2 Nxc3 16. Bxc3 Nd5 17. Rac1 Nxc3 18. Rxc3 Qb6 19. Ne5 Rad8 20. Qc2 Rd5
21. Rb3 Qc7 22. Nd3 Rfd8 23. Nf4 R5d7 24. Nd3 Rd5 25. Qc4 b6 26. Rc3 c5 27. dxc5
bxc5 28. Nf4 Rd2 29. b4 Bf6 30. Qxc5 Qd7 31. Rc2 Rd1 32. Qc4 e5 33. Nh5 Rxf1+
34. Qxf1 Qa4 35. Nxf6+ gxf6 36. Qc1 Qxa3 37. h3 Qxb4 38. Rc6 Kg7 39. Rc2 a5 40.
Rb2 Qd6 41. Qc4 Qd1+ 42. Kh2 a4 43. Rb7 Rd7 44. Rb8 Rd8 45. Rxd8 Qxd8 46. Qxa4
f5 47. Qb4 Qd5 48. Qh4 Qe6 49. Qg3+ Kf8 50. Qg5 Qg6 51. Qd8+ Kg7 52. Qd5 e4 53.
Qe5+ Kh6 54. Qg3 Kg7 55. Qe5+ Kh6 56. Qe7 Kg7 57. Qd7 h5 58. Qe7 Kg8 1/2-1/2

[Event "29th ECC Women 2025"]
[Site "Rhodes GRE"]
[Date "2025.10.21"]
[Round "3.25"]
[White "Drljevic, Ljilja"]
[Black "Tetenkina, Irina"]
[Result "1/2-1/2"]
[WhiteTitle "WIM"]
[BlackTitle "WIM"]
[WhiteElo "2063"]
[BlackElo "2092"]
[WhiteTeam "Gostivar club"]
[BlackTeam "Wasa SK"]
[WhiteFideId "928879"]
[BlackFideId "13500996"]
[EventDate "2025.10.19"]
[EventType "team"]

1. e4 g6 2. d4 d6 3. Be3 Bg7 4. Nc3 Nf6 5. Qd2 Nbd7 6. O-O-O e5 7. dxe5 Nxe5 8.
h3 O-O 9. Bh6 Bd7 10. Bxg7 Kxg7 11. f4 Nc6 12. g4 a6 13. Nge2 h6 14. Bg2 Rb8 15.
Ng3 Rh8 16. e5 dxe5 17. g5 hxg5 18. fxe5 Nxe5 19. Qxg5 Re8 20. Rhe1 Nh7 21. Qxd8
Rbxd8 22. Bxb7 f6 23. h4 Bc8 24. Rxd8 Rxd8 25. Be4 Bg4 26. b3 Nf8 27. Nd5 Ne6
28. Nb4 a5 29. Nc6 Nxc6 30. Bxc6 Rh8 31. Bd5 Nf4 32. Re7+ Kf8 33. Rf7+ Ke8 34.
Bc4 f5 35. Rxc7 Rxh4 36. Kd2 Rh2+ 37. Ke3 Ng2+ 38. Kd4 Ne1 39. Ra7 Nxc2+ 40. Ke5
Nb4 41. Bb5+ Kd8 42. a3 Nc2 43. Nf1 Rf2 44. Kd6 Bf3 45. Rc7 Nxa3 46. Bd7 Rc2 47.
Rxc2 Nxc2 48. Nd2 Bd1 49. Nc4 Nd4 50. Nxa5 Bf3 51. Nc4 Nxb3 52. Ne5 Bd5 53. Kxd5
Ke7 54. Ba4 Nd2 55. Nxg6+ Kf6 56. Nf4 Ne4 57. Kd4 Ng3 58. Bd7 Kg5 59. Ke5 Kg4
60. Bc6 Kg5 61. Ng2 Ne2 62. Bb5 Ng3 63. Bc4 Nh5 64. Be2 Nf6 65. Bf3 Ng4+ 66. Ke6
Nh2 67. Bd1 f4 68. Ke5 f3 69. Bxf3 1/2-1/2

[Event "29th ECC Women 2025"]
[Site "Rhodes GRE"]
[Date "2025.10.21"]
[Round "3.26"]
[White "Johansson, Viktoria"]
[Black "Naymanova, Patricie"]
[Result "1-0"]
[WhiteTitle "WIM"]
[BlackTitle "WFM"]
[WhiteElo "2033"]
[BlackElo "2045"]
[WhiteTeam "Wasa SK"]
[BlackTeam "Gostivar club"]
[WhiteFideId "1701940"]
[BlackFideId "2925907"]
[EventDate "2025.10.19"]
[EventType "team"]

1. d4 d5 2. c4 dxc4 3. Nf3 Nf6 4. e3 Be6 5. Ne5 c5 6. Qa4+ Nbd7 7. Bxc4 Bxc4 8.
Qxc4 e6 9. O-O cxd4 10. exd4 Be7 11. Nc3 O-O 12. Bg5 Rc8 13. Qb3 Nb6 14. Rad1
Nfd5 15. Bxe7 Qxe7 16. Ne4 f6 17. Nf3 Kh8 18. Rfe1 Rc6 19. Nc5 Qf7 20. a3 g5 21.
Re4 e5 22. Nd3 exd4 23. Rxd4 Ne7 24. Qb5 a6 25. Qb4 Nf5 26. Nde5 fxe5 27. Nxe5
Qe7 28. Nxc6 bxc6 29. Qxb6 Nxd4 30. Qxd4+ Qf6 31. Qxf6+ Rxf6 32. Rd7 Kg8 33. Kf1
a5 34. Re7 Rf5 35. Re2 Kf7 36. Rc2 c5 37. g4 Re5 38. Rc4 Ke6 39. Ra4 Kd5 40.
Rxa5 Kc4 41. b4 1-0

[Event "29th ECC Women 2025"]
[Site "Rhodes GRE"]
[Date "2025.10.21"]
[Round "3.27"]
[White "Karaivanova, Petya"]
[Black "Isurina Mariano, Cristine Rose"]
[Result "0-1"]
[WhiteTitle "WFM"]
[BlackTitle "WIM"]
[WhiteElo "1952"]
[BlackElo "1990"]
[WhiteTeam "Gostivar club"]
[BlackTeam "Wasa SK"]
[WhiteFideId "2919150"]
[BlackFideId "5201071"]
[EventDate "2025.10.19"]
[EventType "team"]

1. e4 d5 2. exd5 Nf6 3. Nf3 Nxd5 4. d4 Bg4 5. h3 Bf5 6. a3 e6 7. c4 Nf6 8. Nc3
Be7 9. Be3 Nbd7 10. Nh4 Bg6 11. Nxg6 hxg6 12. Bd3 c6 13. Qc2 Qc7 14. O-O-O O-O
15. g4 Rfe8 16. Rdg1 e5 17. h4 exd4 18. Bxd4 Bc5 19. Bxf6 Qf4+ 20. Kb1 Nxf6 21.
h5 Rad8 22. hxg6 fxg6 23. Bxg6 Rd2 24. Qf5 Qxc4 25. Bxe8 Qb3 26. Nd1 Bd4 27. Kc1
Rxd1+ 0-1

[Event "29th ECC Women 2025"]
[Site "Rhodes GRE"]
[Date "2025.10.21"]
[Round "3.28"]
[White "Borisova, Borislava"]
[Black "Tomin, Ksenija"]
[Result "1/2-1/2"]
[WhiteTitle "WIM"]
[BlackTitle "WCM"]
[WhiteElo "1920"]
[BlackElo "1936"]
[WhiteTeam "Wasa SK"]
[BlackTeam "Gostivar club"]
[WhiteFideId "1701657"]
[BlackFideId "945315"]
[EventDate "2025.10.19"]
[EventType "team"]

1. Nf3 Nf6 2. g3 g6 3. Bg2 Bg7 4. O-O d6 5. d4 O-O 6. c4 Nbd7 7. Nc3 e5 8. h3
Qe7 9. Be3 c6 10. Rc1 a6 11. c5 exd4 12. cxd6 Qxd6 13. Bxd4 Re8 14. e3 Qe7 15.
Na4 Ne4 16. Bxg7 Kxg7 17. Qd4+ Kg8 18. Nc3 Ndf6 19. Nxe4 Nxe4 20. Nd2 Nxd2 21.
Qxd2 Be6 22. Qa5 Rad8 23. Rfd1 Rd7 24. h4 Red8 25. Rxd7 Qxd7 26. a3 Qd2 27. Qc3
Rd3 28. Qxd2 Rxd2 29. b4 Rd3 30. Ra1 Kf8 31. Bf3 Ke7 32. Kf1 Kd6 33. Rd1 Rxd1+
34. Bxd1 c5 35. Ke1 b6 36. Kd2 cxb4 37. axb4 h6 38. Kc3 g5 39. hxg5 hxg5 40. f4
gxf4 1/2-1/2

[Event "29th ECC Women 2025"]
[Site "Rhodes GRE"]
[Date "2025.10.22"]
[Round "4.1"]
[White "Injac, Teodora"]
[Black "Goryachkina, Aleksandra"]
[Result "0-1"]
[WhiteTitle "IM"]
[BlackTitle "GM"]
[WhiteElo "2436"]
[BlackElo "2541"]
[WhiteTeam "Sirmium Sremska Mitrovica"]
[BlackTeam "Cercle d'échecs de Monte-Carlo"]
[WhiteFideId "932400"]
[BlackFideId "4147103"]
[EventDate "2025.10.19"]
[EventType "team"]

1. d4 d5 2. c4 e6 3. Nc3 Nf6 4. Bg5 Be7 5. e3 h6 6. Bxf6 Bxf6 7. cxd5 exd5 8.
Qb3 c6 9. Nf3 O-O 10. Bd3 Nd7 11. O-O Re8 12. h3 Nf8 13. Rae1 g6 14. Qc2 Nh7 15.
Nh2 Bg7 16. f4 Nf6 17. Nf3 Bd7 18. Ne5 Rc8 19. g4 c5 20. g5 Ne4 21. Nxd5 cxd4
22. Qg2 Bxe5 23. Bxe4 Bh8 24. h4 Bh3 25. Qxh3 Rxe4 26. h5 Rc5 27. hxg6 Qxd5 28.
Qxh6 Bg7 29. Qh7+ Kf8 30. gxf7 Kxf7 31. exd4 Qxd4+ 32. Kh1 Rxe1 33. Rxe1 Qd5+
34. Kg1 Qf5 35. Qh5+ Kg8 36. Rd1 Rc8 37. Qf3 Rf8 38. Rf1 Rf7 39. b3 Be5 40. Qg2
Bxf4 0-1

[Event "29th ECC Women 2025"]
[Site "Rhodes GRE"]
[Date "2025.10.22"]
[Round "4.2"]
[White "Divya, Deshmukh"]
[Black "Garifullina, Leya"]
[Result "1-0"]
[WhiteTitle "GM"]
[BlackTitle "IM"]
[WhiteElo "2498"]
[BlackElo "2453"]
[WhiteTeam "Cercle d'échecs de Monte-Carlo"]
[BlackTeam "Sirmium Sremska Mitrovica"]
[WhiteFideId "35006916"]
[BlackFideId "34127035"]
[EventDate "2025.10.19"]
[EventType "team"]

1. c4 e5 2. Nc3 Bb4 3. Nd5 Be7 4. Nf3 d6 5. g3 Nf6 6. Nc3 O-O 7. Bg2 c6 8. O-O
h6 9. e4 Be6 10. b3 Qc8 11. d4 exd4 12. Nxd4 Bh3 13. f3 Rd8 14. Bxh3 Qxh3 15.
Nf5 Bf8 16. Ne2 g5 17. g4 d5 18. Bb2 Ne8 19. Kh1 Bc5 20. Ng1 Bxg1 21. Rxg1 Na6
22. Rg3 1-0

[Event "29th ECC Women 2025"]
[Site "Rhodes GRE"]
[Date "2025.10.22"]
[Round "4.3"]
[White "Salimova, Nurgyul"]
[Black "Kosteniuk, Alexandra"]
[Result "1/2-1/2"]
[WhiteTitle "IM"]
[BlackTitle "GM"]
[WhiteElo "2385"]
[BlackElo "2469"]
[WhiteTeam "Sirmium Sremska Mitrovica"]
[BlackTeam "Cercle d'échecs de Monte-Carlo"]
[WhiteFideId "2915138"]
[BlackFideId "4128125"]
[EventDate "2025.10.19"]
[EventType "team"]

1. Nf3 d5 2. d4 Nf6 3. c4 e6 4. g3 Bb4+ 5. Nbd2 dxc4 6. Bg2 O-O 7. O-O b5 8. Ne5
Nd5 9. a3 Bxd2 10. Bxd2 Bb7 11. b3 f6 12. Nxc4 bxc4 13. bxc4 c6 14. cxd5 cxd5
15. Rb1 Ba6 16. Re1 Bc4 17. Rc1 Nd7 18. h4 Rb8 19. e4 Bb3 20. Qe2 dxe4 21. Bxe4
f5 22. Bg2 Nf6 23. Bf4 Rc8 24. Rxc8 Qxc8 25. Bd6 Re8 26. Bc5 Bd5 27. Bxd5 exd5
28. Qd1 Rxe1+ 29. Qxe1 f4 30. Qe5 fxg3 31. fxg3 h6 32. Be7 Qc1+ 33. Kg2 Qc2+ 34.
Kh3 Qc8+ 35. Kg2 Qc2+ 36. Kh3 Qc8+ 37. Kg2 Qc2+ 1/2-1/2

[Event "29th ECC Women 2025"]
[Site "Rhodes GRE"]
[Date "2025.10.22"]
[Round "4.4"]
[White "Kashlinskaya, Alina"]
[Black "Beydullayeva, Govhar"]
[Result "1-0"]
[WhiteTitle "IM"]
[BlackTitle "WGM"]
[WhiteElo "2450"]
[BlackElo "2362"]
[WhiteTeam "Cercle d'échecs de Monte-Carlo"]
[BlackTeam "Sirmium Sremska Mitrovica"]
[WhiteFideId "4198026"]
[BlackFideId "13413015"]
[EventDate "2025.10.19"]
[EventType "team"]

1. Nf3 d5 2. g3 Nf6 3. Bg2 e6 4. O-O Be7 5. d3 O-O 6. Nc3 c5 7. e4 d4 8. Ne2 Nc6
9. Ne1 Ne8 10. h3 Bd7 11. c3 dxc3 12. bxc3 b5 13. Nc2 a5 14. d4 Rc8 15. Bf4 cxd4
16. cxd4 Nb4 17. Nxb4 Bxb4 18. Qd3 Bd6 19. e5 Be7 20. Rac1 Nc7 21. Be4 g6 22.
Bh6 Re8 23. Nf4 Bf8 24. Bxf8 Rxf8 25. h4 b4 26. Qe3 Re8 27. Nh5 f5 28. Nf6+ Kg7
29. Nxe8+ Bxe8 30. Bf3 Nb5 31. Rxc8 Qxc8 32. Rc1 Nc3 33. Qg5 Bc6 34. Bxc6 Qxc6
35. Re1 Qf3 36. Qf6+ Kh6 37. Qg5+ Kg7 38. Re3 Qd1+ 39. Kg2 Qxd4 40. Qe7+ Kh6 41.
Qg5+ Kg7 42. h5 Nd5 43. Re2 a4 44. Kh2 Qb6 45. h6+ Kf7 46. Qc1 Qc7 47. Qd1 a3
48. Qd4 g5 49. g4 Nf4 50. Rd2 Kg6 51. gxf5+ Kxf5 52. f3 Kg6 53. Qxb4 Kxh6 54.
Qf8+ Kh5 55. Kg3 Ng6 56. Rh2+ Nh4 57. Qe8+ Kh6 58. Qxe6+ Kh5 59. Qe8+ Kh6 60.
Rd2 Qc5 61. Rd6+ Ng6 62. Rxg6+ 1-0

[Event "29th ECC Women 2025"]
[Site "Rhodes GRE"]
[Date "2025.10.22"]
[Round "4.5"]
[White "Zhu, Jiner"]
[Black "Muzychuk, Anna"]
[Result "1-0"]
[WhiteTitle "GM"]
[BlackTitle "GM"]
[WhiteElo "2569"]
[BlackElo "2525"]
[WhiteTeam "Tajfun SK Ljubljana"]
[BlackTeam "Turkish Airlines sports club"]
[WhiteFideId "8608059"]
[BlackFideId "14111330"]
[EventDate "2025.10.19"]
[EventType "team"]

1. d4 d5 2. c4 e6 3. Nc3 c5 4. cxd5 cxd4 5. Qa4+ Bd7 6. Qxd4 exd5 7. Qxd5 Nf6 8.
Qd1 Bc5 9. Nf3 O-O 10. e3 Nc6 11. Be2 Qe7 12. O-O Rfd8 13. a3 Rac8 14. Qc2 Bd6
15. Bd2 Ne5 16. Nd4 Nc6 17. Rfc1 h5 18. Nf3 Ne5 19. Nd4 Nc6 20. Nf3 Ne5 21. Ng5
g6 22. h3 b5 23. e4 a5 24. Qd1 Bc5 25. Bf4 Bc6 26. Qb3 a4 27. Qc2 Bd4 28. Rd1 h4
29. Rac1 Qa7 30. Kh1 Be8 31. Nf3 Nxf3 32. Bxf3 Bxf2 33. Rxd8 Rxd8 34. Bg5 Bd4
35. Nd5 Nxd5 36. Bxd8 Ne3 37. Qc8 Qd7 38. Bxh4 Bxb2 39. Rc7 Qxc8 40. Rxc8 Kf8
41. Bf2 Bd4 42. e5 Nf5 43. g4 1-0

[Event "29th ECC Women 2025"]
[Site "Rhodes GRE"]
[Date "2025.10.22"]
[Round "4.6"]
[White "Muzychuk, Mariya"]
[Black "Dzagnidze, Nana"]
[Result "1/2-1/2"]
[WhiteTitle "GM"]
[BlackTitle "GM"]
[WhiteElo "2485"]
[BlackElo "2496"]
[WhiteTeam "Turkish Airlines sports club"]
[BlackTeam "Tajfun SK Ljubljana"]
[WhiteFideId "14114550"]
[BlackFideId "13601903"]
[EventDate "2025.10.19"]
[EventType "team"]

1. e4 c5 2. Nf3 Nc6 3. d4 cxd4 4. Nxd4 e6 5. Nc3 Qc7 6. Be3 a6 7. Be2 Nf6 8. O-O
Be7 9. f4 d6 10. Qe1 O-O 11. Qg3 Nxd4 12. Bxd4 b5 13. a3 Bb7 14. Kh1 Bc6 15. Bd3
Rad8 16. Rae1 Qb7 17. e5 dxe5 18. Bxe5 Nh5 19. Qh3 f6 20. Ne4 fxe5 21. Qxh5 Rf5
22. Qg4 exf4 23. Rxf4 Rdf8 24. Rf3 Rxf3 25. gxf3 Bd5 26. Rg1 Bf6 27. c3 g6 28.
Re1 Qg7 29. Nxf6+ Qxf6 30. Be4 Bxe4 31. Rxe4 Qxf3+ 32. Qxf3 Rxf3 33. Rxe6 Rf2
34. b4 Rc2 35. Rxa6 Rxc3 36. Ra7 Rc2 37. Rb7 Ra2 38. Rxb5 Rxa3 39. Kg2 1/2-1/2

[Event "29th ECC Women 2025"]
[Site "Rhodes GRE"]
[Date "2025.10.22"]
[Round "4.7"]
[White "Badelka, Olga"]
[Black "Tsolakidou, Stavroula"]
[Result "1/2-1/2"]
[WhiteTitle "IM"]
[BlackTitle "IM"]
[WhiteElo "2377"]
[BlackElo "2453"]
[WhiteTeam "Tajfun SK Ljubljana"]
[BlackTeam "Turkish Airlines sports club"]
[WhiteFideId "13509926"]
[BlackFideId "4264312"]
[EventDate "2025.10.19"]
[EventType "team"]

1. d4 Nf6 2. Bg5 g6 3. Bxf6 exf6 4. c4 d5 5. cxd5 Qxd5 6. Nc3 Qd8 7. g3 f5 8.
Bg2 Bd6 9. Nf3 Nd7 10. O-O O-O 11. Qb3 Nf6 12. Rfd1 Qe7 13. e3 Rb8 14. Nd2 Be6
15. d5 Bd7 16. Nc4 a6 17. Nxd6 Qxd6 18. Rac1 Rfe8 19. Nb1 Ne4 20. Nd2 Nxd2 21.
Rxd2 Re7 22. Rd4 Be8 23. Qc3 b6 24. h3 a5 25. Rf4 Bb5 26. a3 Rf8 27. g4 fxg4 28.
hxg4 f5 29. g5 h6 30. Rh4 hxg5 31. Rh8+ Kf7 32. Rh7+ Ke8 33. Rxe7+ Kxe7 34.
Qxc7+ Bd7 35. Qc3 Kf7 36. Qc7 Ke7 37. Qc3 Kf7 38. Qd4 Re8 39. Rc3 f4 40. Rb3 b5
41. Rc3 Kg8 42. b4 axb4 43. axb4 g4 44. Qxf4 Qxf4 45. exf4 Re1+ 46. Kh2 Kf8 47.
d6 1/2-1/2

[Event "29th ECC Women 2025"]
[Site "Rhodes GRE"]
[Date "2025.10.22"]
[Round "4.8"]
[White "Lu, Miaoyi"]
[Black "Vantika, Agrawal"]
[Result "1/2-1/2"]
[WhiteTitle "IM"]
[BlackTitle "IM"]
[WhiteElo "2431"]
[BlackElo "2377"]
[WhiteTeam "Turkish Airlines sports club"]
[BlackTeam "Tajfun SK Ljubljana"]
[WhiteFideId "8618020"]
[BlackFideId "25050389"]
[EventDate "2025.10.19"]
[EventType "team"]

1. e4 c5 2. c3 e5 3. Nf3 Nc6 4. Bc4 Nf6 5. Ng5 d5 6. exd5 Nxd5 7. Qh5 g6 8. Qf3
Qxg5 9. Bxd5 Nd8 10. O-O Qe7 11. Re1 Be6 12. Na3 Bg7 13. Nc4 O-O 14. Nxe5 Bxd5
15. Qxd5 Re8 16. d4 cxd4 17. cxd4 Qe6 18. Qxe6 Nxe6 19. Be3 Rad8 20. Nf3 Nxd4
21. Bxd4 Rxe1+ 22. Rxe1 Bxd4 23. Nxd4 Rxd4 24. Kf1 Rd2 25. Re2 Rd1+ 26. Re1 Rd2
27. Re2 Rd1+ 28. Re1 Rd2 29. Re2 Rd1+ 30. Re1 Rd2 31. Re2 1/2-1/2

[Event "29th ECC Women 2025"]
[Site "Rhodes GRE"]
[Date "2025.10.22"]
[Round "4.9"]
[White "Bivol, Alina"]
[Black "Batsiashvili, Nino"]
[Result "1/2-1/2"]
[WhiteTitle "IM"]
[BlackTitle "GM"]
[WhiteElo "2361"]
[BlackElo "2469"]
[WhiteTeam "Crvena Zvezda"]
[BlackTeam "SuperChess"]
[WhiteFideId "4100123"]
[BlackFideId "13602993"]
[EventDate "2025.10.19"]
[EventType "team"]

1. e4 e5 2. Nf3 Nc6 3. Nc3 Nf6 4. a3 d5 5. Bb5 Nxe4 6. Qe2 Nxc3 7. Qxe5+ Be7 8.
Bxc6+ bxc6 9. Qxc3 O-O 10. d4 Bd6 11. O-O Qf6 12. Re1 c5 13. Be3 c4 14. Bg5 Qg6
15. Be7 Bxe7 16. Rxe7 Qd6 17. Re3 Be6 18. b3 Rad8 19. h3 f6 20. Qa5 a6 21. Rae1
Bf7 22. Re7 Rc8 23. Qa4 Rfd8 24. bxc4 dxc4 25. c3 Qb6 26. Qc2 Qb5 27. Qe4 Re8
28. Qf4 Rxe7 29. Rxe7 Qb1+ 30. Re1 Qd3 31. Qg4 Rf8 32. Re3 Qb1+ 33. Kh2 Qb2 34.
Nh4 Qxf2 35. Nf5 g6 36. Nh6+ Kg7 37. Rf3 Qe1 38. Nf5+ Kh8 39. Ne3 Bg8 40. Qd7
Qb1 41. Qe7 Qb8 42. Kg1 Rf7 43. Qe6 Rf8 44. Qxa6 Qb6 45. Qa4 Qb3 46. Qb4 Qxb4
47. cxb4 Ra8 48. Nc2 Kg7 49. Rc3 Kf8 50. Kf2 Ke7 51. Ne3 Kd6 52. g4 Be6 53. Ke2
c6 54. Kd2 h5 55. Kc2 hxg4 56. hxg4 f5 57. gxf5 gxf5 58. Ng2 Bd5 59. Nf4 Re8 60.
Kd2 Re4 61. Ne2 Rh4 62. Rg3 f4 63. Rg6+ Kc7 64. Rf6 f3 65. Nf4 Rh2+ 66. Ke3 Ra2
67. Nxd5+ cxd5 68. Kxf3 Rxa3+ 69. Kf4 c3 70. b5 Rb3 71. Rc6+ Kd7 72. Ke5 Rxb5
73. Rxc3 Rb6 74. Rh3 Rg6 75. Kxd5 Rg5+ 76. Kc4 Kd6 77. Rh4 Rf5 78. Rh6+ Kd7 79.
Kd3 Rg5 80. Ke3 Ra5 81. Kf4 Rb5 82. Ke4 Rg5 83. Rh7+ 1/2-1/2

[Event "29th ECC Women 2025"]
[Site "Rhodes GRE"]
[Date "2025.10.22"]
[Round "4.10"]
[White "Wagner, Dinara"]
[Black "Velikic, Adela"]
[Result "0-1"]
[WhiteTitle "IM"]
[BlackTitle "WIM"]
[WhiteElo "2410"]
[BlackElo "2261"]
[WhiteTeam "SuperChess"]
[BlackTeam "Crvena Zvezda"]
[WhiteFideId "24157570"]
[BlackFideId "913553"]
[EventDate "2025.10.19"]
[EventType "team"]

1. d4 d5 2. c4 c6 3. Nf3 Nf6 4. cxd5 cxd5 5. Nc3 Nc6 6. Bf4 Nh5 7. Bd2 e6 8. e3
Bd7 9. Bd3 f5 10. h3 Nf6 11. g4 Bd6 12. gxf5 exf5 13. a3 O-O 14. b4 Kh8 15. Qb3
a5 16. b5 a4 17. Nxa4 Na5 18. Qc2 Nc4 19. Nc5 Nxa3 20. Qb2 Bxc5 21. dxc5 Nc4 22.
Bxc4 Rxa1+ 23. Qxa1 dxc4 24. Bc3 Bxb5 25. Rg1 f4 26. exf4 Qd5 27. Ne5 Qe4+ 28.
Kf1 Bd7 29. Nxd7 Qd3+ 30. Kg2 Qxd7 31. Kh2 Qc7 32. Qc1 Qxc5 33. Qe3 Qc7 34. Be5
Qc6 35. Qa3 Re8 36. Qb4 b5 37. Rb1 Nd7 38. Qxb5 Nxe5 39. fxe5 Qe6 40. Rc1 Rc8
41. Rc3 Qf5 42. Kg1 Qe4 43. Qd7 Rb8 44. Qd2 h6 45. Rc1 Rc8 46. Re1 Qg6+ 47. Kh2
c3 48. Qd7 Rf8 49. Re2 Qg5 50. e6 Qf4+ 51. Kg1 Qc1+ 52. Kh2 Qf4+ 53. Kg1 Qc1+
54. Kh2 c2 55. Qc7 Re8 56. Qf7 Kh7 57. Qf5+ Kh8 58. Rxc2 Qd1 59. Rc6 Qd8 60. Qe5
Qd2 61. Qf5 Qd8 62. Qe4 Qd2 63. Kg1 Qg5+ 64. Qg4 Qe5 65. Qg6 Rf8 66. Rc2 Qe1+
67. Kg2 Qe5 68. Qg4 Qd5+ 69. Kg1 Qd6 70. Re2 Qd1+ 71. Kg2 Qd5+ 72. Qe4 Qg5+ 73.
Kh2 Qc5 74. e7 Re8 75. Qe6 Qc7+ 76. Kg2 Qb7+ 77. Re4 Qb5 78. h4 Qb7 79. Kh3 Qb1
80. Kh2 Qb8+ 81. Kg2 Qb7 82. Qe5 Qc6 83. Kh2 Qd7 84. Re3 Qg4 85. h5 Qh4+ 86. Kg2
Qb4 87. Qe6 Qb7+ 88. Re4 Qa8 89. Kg1 Qa1+ 90. Kh2 Qb1 91. Qf7 Qb8+ 92. Kg2 Qb5
93. Kh2 Qb8+ 94. Kh3 Qa8 95. f3 Qc8+ 96. Rg4 Rg8 97. Kh4 Qb8 98. Rg3 Qb4+ 99.
Kh3 Qe1 100. Kh2 Qf2+ 101. Kh3 Qf1+ 102. Kg4 Qe1 103. Rg2 Qb4+ 104. Kh3 Qe1 105.
Kg4 Qb4+ 106. f4 Qe4 107. Kh3 Qe1 108. Kg4 Qe4 109. Rd2 g6 110. Qxg8+ Kxg8 111.
Rd8+ Kh7 112. hxg6+ Qxg6+ 113. Kf3 Qc6+ 114. Kg3 Qc3+ 115. Kh2 Qb2+ 116. Kh3
Qa3+ 117. Kg4 Qxe7 118. Rd3 Qe2+ 119. Rf3 h5+ 0-1

[Event "29th ECC Women 2025"]
[Site "Rhodes GRE"]
[Date "2025.10.22"]
[Round "4.11"]
[White "Mehmed, Elif"]
[Black "Bulmaga, Irina"]
[Result "1-0"]
[WhiteTitle "WGM"]
[BlackTitle "IM"]
[WhiteElo "2295"]
[BlackElo "2396"]
[WhiteTeam "Crvena Zvezda"]
[BlackTeam "SuperChess"]
[WhiteFideId "2921103"]
[BlackFideId "13903063"]
[EventDate "2025.10.19"]
[EventType "team"]

1. e4 e5 2. Nf3 Nc6 3. Nc3 Nf6 4. Rb1 g6 5. d4 exd4 6. Nxd4 Bg7 7. Nxc6 bxc6 8.
Bg5 h6 9. Bf4 O-O 10. Bd3 d5 11. O-O Be6 12. a3 Rb8 13. exd5 Nxd5 14. Bd2 Nxc3
15. bxc3 Qd6 16. Qf3 Qxa3 17. Qxc6 Rb6 18. Qxc7 Rc8 19. Ra1 Rxc7 20. Rxa3 Rb2
21. Rfa1 Bf5 22. Be1 Rd7 23. Rb3 Rxb3 24. Bxf5 Rbb7 25. Bxd7 Rxd7 26. Kf1 Rc7
27. Ra3 Bf8 28. Ra4 Bg7 29. c4 Bd4 30. Bd2 Kg7 31. Ke2 Re7+ 32. Be3 Bxe3 33.
fxe3 Kf6 34. Ra6+ Ke5 35. Kd3 Rd7+ 36. Kc3 Rb7 37. Ra5+ Ke4 38. Rd5 Kxe3 39. c5
a5 40. c6 Rc7 41. Rd6 Kf2 42. Kc4 Kxg2 43. Kb5 Kxh2 44. Kxa5 h5 45. Kb6 Rc8 46.
c7 h4 47. Kb7 Re8 48. c8=Q Rxc8 49. Kxc8 g5 50. c4 g4 51. Rd2+ Kh1 52. c5 g3 53.
Rd1+ Kh2 54. c6 g2 55. c7 h3 56. Kb7 g1=Q 57. Rxg1 Kxg1 58. c8=Q f5 59. Qc1+ Kg2
60. Qd2+ Kg1 61. Qe1+ Kg2 62. Qe2+ Kg3 63. Kc6 f4 64. Qf1 f3 65. Qg1+ Kf4 66.
Kd5 h2 67. Qxh2+ Ke3 68. Qe5+ Kd2 69. Qf4+ Ke2 70. Qe4+ Kf2 71. Kd4 1-0

[Event "29th ECC Women 2025"]
[Site "Rhodes GRE"]
[Date "2025.10.22"]
[Round "4.12"]
[White "Efroimski, Marsel"]
[Black "Srdanovic, Jovana"]
[Result "1-0"]
[WhiteTitle "IM"]
[BlackTitle "WIM"]
[WhiteElo "2380"]
[BlackElo "2198"]
[WhiteTeam "SuperChess"]
[BlackTeam "Crvena Zvezda"]
[WhiteFideId "2810964"]
[BlackFideId "954810"]
[EventDate "2025.10.19"]
[EventType "team"]

1. e4 c5 2. Nf3 e6 3. d4 cxd4 4. Nxd4 a6 5. Be2 Nf6 6. Nc3 Qc7 7. f4 Bb4 8. e5
Ne4 9. O-O d5 10. Nxe4 dxe4 11. Nb3 Qb6+ 12. Kh1 Nd7 13. c3 Be7 14. Nd2 Qc6 15.
Qc2 f5 16. exf6 Nxf6 17. a4 O-O 18. a5 Bd7 19. Nc4 Qc7 20. Nb6 Rae8 21. Nxd7
Qxd7 22. Qa4 Qc8 23. Qc4 Bc5 24. b4 Ba7 25. Qxc8 Rxc8 26. c4 Bd4 27. Rb1 Rfd8
28. Bb2 Bxb2 29. Rxb2 Rd4 30. Kg1 Ne8 31. Rc1 Nd6 32. Kf2 Rf8 33. c5 e3+ 34. Ke1
Nb5 35. g3 g5 36. Bxb5 axb5 37. fxg5 Rf2 38. Rxf2 exf2+ 39. Kxf2 Rxb4 40. a6 1-0

[Event "29th ECC Women 2025"]
[Site "Rhodes GRE"]
[Date "2025.10.22"]
[Round "4.13"]
[White "Tetenkina, Irina"]
[Black "Van Amerongen, Marleen"]
[Result "0-1"]
[WhiteTitle "WIM"]
[WhiteElo "2092"]
[BlackElo "2057"]
[WhiteTeam "Wasa SK"]
[BlackTeam "De Stukkenjagers"]
[WhiteFideId "13500996"]
[BlackFideId "1002503"]
[EventDate "2025.10.19"]
[EventType "team"]

1. Nf3 Nf6 2. g3 g6 3. b3 Bg7 4. Bb2 O-O 5. Bg2 c5 6. c4 Nc6 7. O-O d6 8. d4
cxd4 9. Nxd4 Bd7 10. Nc3 Qb6 11. Nc2 Ne5 12. Ne3 Bc6 13. Ncd5 Nxd5 14. cxd5 Bb5
15. Qd2 Rfc8 16. Bh3 f5 17. Ng2 Bd7 18. Nf4 Rc7 19. Rfc1 Rac8 20. Bg2 Kf7 21. h4
Ng4 22. e3 Bxb2 23. Qxb2 Qa5 24. a3 Ne5 25. Bf1 Rxc1 26. Rxc1 Rxc1 27. Qxc1 Qc5
28. Qb2 h6 29. b4 Qb6 30. Qc3 g5 31. hxg5 hxg5 32. Nd3 Ng4 33. Kg2 Qd8 34. Be2
Nf6 35. Qc4 Kg6 36. Ne1 Nxd5 37. Bf3 Nb6 38. Qd3 Qc8 39. g4 Qc4 40. Qb1 Nd5 41.
gxf5+ Bxf5 42. e4 Nf4+ 43. Kg3 Bd7 44. Nc2 Qd3 45. Qb2 Qf1 0-1